| 000 | 00564nam a2200241 a 4500 | ||
|---|---|---|---|
| 001 | nice12345678 | ||
| 003 | IN_TiNIC | ||
| 005 | 20260116011839.0 | ||
| 008 | 050524s1961 lona grp 000 0 eng | ||
| 020 |
_a _c0 |
||
| 082 | 0 | 0 |
_a933 _bHEB |
| 100 | _aHerbert, Gabriel | ||
| 245 | _aWhen Israel Came Out of Egypt. | ||
| 260 |
_aLondon _bSCM Press _c1961 |
||
| 300 | _a128p | ||
| 500 | _aincludes index and biblioraphy | ||
| 505 | 2 | _aIndex | |
| 650 | _aIsrael-History | ||
| 700 | 1 | _aHerbert, Gabriel | |
| 902 | _bSRS | ||
| 942 | _cBK | ||
| 999 |
_c4410 _d4410 |
||